Statistics for [路線図付き] JR東日本 東海道線 駅名穴埋めクイズ

Click here to take the quiz!

General Stats

  • This quiz has been taken 781 times
  • The average score is 18 of 21

Answers on the Map

Answers color-coded by a green-red scale on the quiz's map according to % correct below.
 

Answer Stats

Answer% Correct
東海道線JT01東京
99%
東海道線JT05横浜
98%
東海道線JT03品川
98%
東海道線JT21熱海
97%
東海道線JT02新橋
96%
東海道線JT04川崎
95%
東海道線JT16小田原
94%
東海道線JT07大船
90%
東海道線JT08藤沢
89%
東海道線JT06戸塚
87%
東海道線JT10茅ヶ崎
87%
東海道線JT14国府津
83%
東海道線JT11平塚
81%
東海道線JT20湯河原
80%
東海道線JT13二宮
80%
東海道線JT09辻堂
77%
東海道線JT12大磯
74%
東海道線JT18根府川
72%
東海道線JT17早川
70%
東海道線JT19真鶴
70%
東海道線JT15鴨宮
67%

Score Distribution

Percentile by Number Answered

Percent of People with Each Score

Your Score History

You have not taken this quiz